000 00418nam a2200193Ia 4500
005 20240823023805.0
008 240823s9999||||xx |||||||||||||| ||und||
020 _a0-330-43328-8
041 _aENGLISH
082 _A823 P4
100 _a"Naipaul,V.S."
245 0 _aMagic Seeds
250 _aIst
260 _c2004
_b"Picador,"
500 _aYES
650 _aStory
_bEnglish
942 _cBK
999 _c182386
_d182386